[Event "Steyr Landesliga 1920"]
[Site "Austria"]
[Date "2020.03.07"]
[Round "9.6"]
[White "Kristoferitsch, Daniel"]
[Black "Gaal, Alexander"]
[Result "1-0"]
[WhiteElo "2086"]
[BlackElo "1878"]
[PlyCount "49"]
[EventDate "2019.09.28"]
[EventType "team-tourn"]
[EventRounds "11"]
[EventCountry "AUT"]
[SourceTitle "CBM 195 Extra"]
[Source "ChessBase"]
[SourceDate "2020.05.31"]
[SourceVersion "1"]
[SourceVersionDate "2020.05.31"]
[SourceQuality "1"]
[WhiteTeam "Graz Schachfreunde"]
[BlackTeam "Pinggau Friedberg"]
[WhiteTeamCountry "AUT"]
[BlackTeamCountry "AUT"]

1. d4 Nf6 2. c4 e5 3. dxe5 Ng4 4. Bf4 Nc6 5. Nf3 Bb4+ 6. Nbd2 Qe7 7. a3 Bxd2+ 8. Qxd2 Ngxe5 9. Nxe5 Nxe5 10. Qd4 f6 11. e3 b6 12. Be2 Bb7 13. 0-0 0-0 14. Rfd1 Rad8 15. Rac1 d6 16. b4 Kh8 17. Qc3 Qf7 18. Bg3 Ba6 19. Bf1 Qe6 20. Qc2 Rd7 21. Qa4 Bxc4 22. Bxc4 Nxc4 23. Rxc4 b5 24. Qxb5 a6 25. Qxa6 1-0

[Event "Gyor Amateur op 15th"]
[Site "Gyor"]
[Date "2019.01.05"]
[Round "1"]
[White "Gaal, Alexander"]
[Black "Kovarikova, Maria"]
[Result "1-0"]
[WhiteElo "1927"]
[BlackElo "1837"]
[PlyCount "83"]
[EventDate "2019.01.05"]
[EventType "swiss"]
[EventRounds "5"]
[EventCountry "HUN"]
[SourceTitle "CBM 190 Extra"]
[Source "ChessBase"]
[SourceDate "2019.07.15"]
[SourceVersion "1"]
[SourceVersionDate "2019.07.15"]
[SourceQuality "1"]

1. c4 e5 2. Nc3 Nc6 3. g3 g6 4. Bg2 Bg7 5. d3 d6 6. Rb1 Nf6 7. b4 Nd4 8. e3 Ne6 9. Nge2 0-0 10. 0-0 Rb8 11. d4 exd4 12. exd4 Re8 13. d5 Nf8 14. h3 Bf5 15. Rb3 h5 16. Nd4 Bd7 17. Bf4 N8h7 18. Qd2 Rc8 19. a4 Kh8 20. a5 a6 21. Rfb1 Ng8 22. c5 g5 23. Be3 Nh6 24. Ne4 dxc5 25. bxc5 f6 26. Rxb7 Bf5 27. Nc3 Bg6 28. Ne6 Qd7 29. c6 Qf7 30. Nxg7 Qxg7 31. d6 Red8 32. d7 Ra8 33. Rxc7 Nf5 34. Bb6 Qe7 35. Rb7 Rf8 36. c7 Nd6 37. d8Q Raxd8 38. cxd8Q Rxd8 39. Rxe7 Rg8 40. Qxd6 h4 41. Rxh7+ Kxh7 42. Qxf6 1-0

[Event "Steyr Landesliga 1819"]
[Site "Austria"]
[Date "2018.10.13"]
[Round "2.7"]
[White "Gaal, Alexander"]
[Black "Rauchlahner, Robert"]
[Result "0-1"]
[WhiteElo "1912"]
[BlackElo "1941"]
[PlyCount "78"]
[EventDate "2018.10.06"]
[EventType "team-tourn"]
[EventRounds "11"]
[EventCountry "AUT"]
[SourceTitle "CBM 187 Extra"]
[Source "ChessBase"]
[SourceDate "2018.11.04"]
[SourceVersion "1"]
[SourceVersionDate "2018.11.04"]
[SourceQuality "1"]
[WhiteTeam "Pinggau Friedberg"]
[BlackTeam "Leoben"]
[WhiteTeamCountry "AUT"]
[BlackTeamCountry "AUT"]

1. e4 g6 2. d4 Bg7 3. c4 d6 4. Nc3 Nf6 5. Nf3 0-0 6. Be2 Nbd7 7. 0-0 c6 8. h3 e5 9. dxe5 dxe5 10. Be3 Qe7 11. Qc2 Nh5 12. Rfd1 Nf4 13. Bf1 Nc5 14. b4 Nce6 15. g3 Nh5 16. c5 f5 17. exf5 gxf5 18. Bc4 Kh8 19. Bxe6 Bxe6 20. Ng5 Bg8 21. Qe2 Qe8 22. g4 f4 23. gxh5 h6 24. Nge4 fxe3 25. fxe3 Rf5 26. Ng3 Rg5 27. Nce4 Qe7 28. Nxg5 Qxg5 29. Qg4 Qxe3+ 30. Kh2 Qf2+ 31. Kh1 Rf8 32. Ne4 Qe3 33. Rg1 Qf3+ 34. Qxf3 Rxf3 35. Kg2 Rf4 36. Nd6 Bd5+ 37. Kg3 Rf3+ 38. Kg4 e4 39. Ne8 Be6+ 0-1

[Event "HUN-chT2 Szechenyi 1516"]
[Site "Hungary"]
[Date "2015.11.29"]
[Round "5.5"]
[White "Gaal, Alexander"]
[Black "Horvath, Tamas"]
[Result "1/2-1/2"]
[WhiteElo "1907"]
[BlackElo "2116"]
[PlyCount "79"]
[EventDate "2015.09.13"]
[EventType "team-tourn"]
[EventRounds "11"]
[EventCountry "HUN"]
[SourceTitle "CBM 170 Extra"]
[Source "ChessBase"]
[SourceDate "2016.02.25"]
[SourceVersion "1"]
[SourceVersionDate "2016.02.25"]
[SourceQuality "1"]
[WhiteTeam "HVSE Infraplan"]
[BlackTeam "Gyor Elektromos"]
[WhiteTeamCountry "HUN"]
[BlackTeamCountry "HUN"]

1. e4 c5 2. d4 cxd4 3. c3 d3 4. c4 Nc6 5. Nf3 g6 6. Bxd3 Bg7 7. 0-0 d6 8. Nc3 Nf6 9. h3 0-0 10. Be3 Bd7 11. Qd2 a5 12. Rac1 Nb4 13. Bb1 Na6 14. Rfd1 Bc6 15. Qe2 Nd7 16. Nd5 b6 17. Bg5 Re8 18. Nd4 Bb7 19. Nb5 f6 20. Be3 Rc8 21. Nf4 Nac5 22. b3 Nf8 23. f3 Qd7 24. Rd2 Bc6 25. Nd5 Rb8 26. Ndc3 Nfe6 27. Rcd1 Red8 28. Qf2 Qb7 29. Qg3 Rf8 30. Qg4 Bd7 31. Qh4 Nc7 32. Nxc7 Qxc7 33. Nd5 Qd8 34. Bh6 Rf7 35. Be3 Bc6 36. Qf2 Qf8 37. Nc7 Qc8 38. Nd5 Qf8 39. Nc7 Qc8 40. Nd5 1/2-1/2

[Event "Balaton op 32nd"]
[Site "Balatonboglar"]
[Date "2014.06.21"]
[Round "8"]
[White "Gaal, Alexander"]
[Black "Balint, Vilmos"]
[Result "0-1"]
[WhiteElo "1980"]
[BlackElo "2211"]
[PlyCount "70"]
[EventDate "2014.06.14"]
[EventType "swiss"]
[EventRounds "9"]
[EventCountry "HUN"]
[SourceTitle "EXT 2015"]
[Source "ChessBase"]
[SourceDate "2014.11.20"]
[SourceVersion "1"]
[SourceVersionDate "2014.11.20"]
[SourceQuality "1"]

1. e4 e5 2. Nf3 Nc6 3. Bc4 Nf6 4. d4 exd4 5. 0-0 Nxe4 6. Re1 d5 7. Bxd5 Qxd5 8. Nc3 Qa5 9. Nxe4 Be6 10. Bd2 Bb4 11. c3 dxc3 12. bxc3 Be7 13. Neg5 0-0-0 14. Nxe6 fxe6 15. Rxe6 Bf6 16. Qc2 Rxd2 17. Nxd2 Qxc3 18. Rc1 Qxc2 19. Rxc2 Nd4 20. Rxf6 Nxc2 21. Rf7 Rd8 22. Nf1 Nd4 23. f4 c5 24. Rxg7 c4 25. Rxh7 c3 26. Ne3 Ne2+ 27. Kf2 Nxf4 28. Rf7 Rd2+ 29. Kf3 Nxg2 30. Rf8+ Kc7 31. Rf7+ Kc6 32. Nxg2 c2 33. Rf8 Kd7 34. Rf7+ Kc8 35. Rf8+ Rd8 0-1

[Event "Graz Casino op-A"]
[Site "Graz"]
[Date "2014.02.15"]
[Round "2"]
[White "Gaal, Alexander"]
[Black "Wieser, Andreas"]
[Result "0-1"]
[WhiteElo "1962"]
[BlackElo "2107"]
[PlyCount "82"]
[EventDate "2014.02.14"]
[EventType "swiss"]
[EventRounds "9"]
[EventCountry "AUT"]
[SourceTitle "CBM 158 Extra"]
[Source "ChessBase"]
[SourceDate "2014.02.28"]
[SourceVersion "1"]
[SourceVersionDate "2014.02.28"]
[SourceQuality "1"]

1. e4 c6 2. d4 d5 3. exd5 cxd5 4. Bd3 Nf6 5. h3 Nc6 6. c3 e6 7. Bg5 Bd6 8. Qf3 0-0 9. Nd2 e5 10. Bxf6 Qxf6 11. Qxf6 gxf6 12. dxe5 fxe5 13. 0-0-0 Be6 14. Kb1 e4 15. Bc2 Be5 16. Ne2 b5 17. Nb3 b4 18. cxb4 Nxb4 19. a3 Nxc2 20. Kxc2 Rab8 21. Nbd4 Rfc8+ 22. Kb1 Rc4 23. Rd2 Rbc8 24. b3 R4c5 25. Ka2 a5 26. Kb2 a4 27. b4 Rc4 28. Rhd1 Kf8 29. Ka2 Ke7 30. Rb2 Bd7 31. Rdd2 f5 32. g3 Kd6 33. Kb1 Bxd4 34. Nxd4 Ke5 35. Ne2 d4 36. Nf4 Rc1+ 37. Ka2 Be8 38. Rb1 Bf7+ 39. Kb2 R1c3 40. Ne2 Rb3+ 41. Ka2 Rd3+ 0-1

[Event "Semriach op 12th"]
[Site "Semriach"]
[Date "2013.04.28"]
[Round "2"]
[White "Zwettler, Martin"]
[Black "Gaal, Alexander"]
[Result "1-0"]
[WhiteElo "2201"]
[BlackElo "1965"]
[PlyCount "64"]
[EventDate "2013.04.27"]
[EventType "swiss"]
[EventRounds "5"]
[EventCountry "AUT"]
[SourceTitle "CBM 154 Extra"]
[Source "ChessBase"]
[SourceDate "2013.06.25"]
[SourceVersion "2"]
[SourceVersionDate "2013.06.25"]
[SourceQuality "1"]

1. c4 Nf6 2. g3 e5 3. Bg2 Bc5 4. Nc3 0-0 5. e3 Nc6 6. a3 a5 7. Nge2 Re8 8. d3 d6 9. 0-0 Bd7 10. h3 h6 11. b3 Nh7 12. Kh2 Ng5 13. f4 exf4 14. gxf4 Nh7 15. d4 Ba7 16. Bd2 Nf6 17. Ng3 Rb8 18. Nd5 b5 19. Nxf6+ Qxf6 20. cxb5 Nxd4 21. exd4 Bxd4 22. a4 Bb6 23. Rc1 Qh4 24. Qf3 Re6 25. f5 Re5 26. Rc4 Qd8 27. Qh5 Qf6 28. Bc3 Rbe8 29. Rg4 d5 30. Bxe5 Rxe5 31. Qh4 Qd6 32. Kh1 Re3 1-0